000 00556nam a2200193Ia 4500
003 GCL
008 140319s9999 xx 000 0 ara d
040 _aGCL /
_cGCL
082 0 4 _a811.1
_bم ش
100 1 _aمحمود فؤاد نعناع
245 1 0 _aشعر عروه ابن الورد العبسى /
_cمحمود فؤاد نعناع
300 _a191
490 _aكتاب
_v0
650 0 4 _aالشعر العربى
650 0 4 _aالادب العربى
650 0 4 _aالعصر الجاهلى
650 0 4 _aتاريخ ونقد
942 _2ddc
_cBK
999 _c43232
_d43232